|
|
|
|
| LEADER |
00000nam0a2200000 4500 |
| 001 |
255001 |
| 005 |
20231101233003.0 |
| 010 |
|
|
|a 5648000170
|
| 020 |
|
|
|a RU
|b 89-34968
|
| 035 |
|
|
|a (RuTPU)RU\TPU\book\277504
|
| 090 |
|
|
|a 255001
|
| 100 |
|
|
|a 20140325d1988 k a0rusy5003 ca
|
| 101 |
0 |
|
|a rus
|
| 102 |
|
|
|a UZ
|
| 105 |
|
|
|a a z 001zy
|
| 200 |
1 |
|
|a Цветные цементы по малоэнергоемкой технологии
|f Т. А. Атакузиев, Т. В. Кузнецова, М. И. Искандарова
|g Ташкентский политехнический институтим. А. Б. Беруни (ТашПИ)
|
| 210 |
|
|
|a Ташкент
|c Фан
|d 1988
|
| 215 |
|
|
|a 104 с.
|c ил.
|
| 320 |
|
|
|a Библиогр.: с. 94-100 (147 назв.)
|
| 606 |
1 |
|
|a Цемент
|x Технологические свойства
|2 stltpush
|3 (RuTPU)RU\TPU\subj\35265
|9 56991
|
| 610 |
1 |
|
|a цемент декоративный
|
| 610 |
1 |
|
|a производство
|
| 610 |
1 |
|
|a применение
|
| 610 |
1 |
|
|a клинкерообразование
|
| 610 |
1 |
|
|a энергозатраты
|
| 610 |
1 |
|
|a физико-механические свойства
|
| 675 |
|
|
|a 666.942
|z rus
|
| 700 |
|
1 |
|a Атакузиев
|b Т. А.
|g Темиржан Азимович
|4 070
|
| 701 |
|
1 |
|a Кузнецова
|b Т. В.
|g Тамара Васильевна
|
| 701 |
|
1 |
|a Искандарова
|b М. И.
|g Мастура
|
| 712 |
0 |
2 |
|a Ташкентский политехнический институтим. А. Б. Беруни (ТашПИ)
|2 stltpush
|3 (RuTPU)RU\TPU\col\6741
|
| 801 |
|
0 |
|a RU
|b RuMRKP
|c 19950417
|g psbo
|
| 801 |
|
1 |
|a RU
|b 63413507
|c 20140325
|
| 801 |
|
2 |
|a RU
|b 63413507
|c 20140526
|g RCR
|
| 942 |
|
|
|c BK
|